Valparaíso: progresos y conflictos de una ciudad puerto, 1830-1950

Guardat en:
Dades bibliogràfiques
Autor principal: Estrada Turra, Baldomero (autor)
Format: Llibre
Idioma:espanyol
Publicat: Santiago Ril Editores 2012
Col·lecció:Colección Valparaíso Patrimonial
Matèries:
Etiquetes: Afegir etiqueta
Sense etiquetes, Sigues el primer a etiquetar aquest registre!

MARC

LEADER 00000cam a2200000 a 4500
001 UCF5779
003 CL-VaPUC
008 130322e20120000CL |||||||||||||||||spa|d
020 |a 9789563517132 
082 0 4 |a 983.255  |b EST  |2 21 
100 |a Estrada Turra, Baldomero  |e autor  |9 870293 
245 1 0 |a Valparaíso: progresos y conflictos de una ciudad puerto, 1830-1950 
300 |a 174 p 
942 |c BK 
945 |d 20130322 00:00:00  |a dcastane 
260 |a Santiago  |b Ril Editores  |c 2012 
650 0 |a Historia de Valparaíso  |9 460237 
650 0 |a Historia de Valparaíso   |y Siglos 19-20  |9 519283 
650 0 |a Desarrollo regional  |9 354599 
583 |a last modification  |c 20130322 12:27:00  |k Rodrigo Vera 
490 0 |a Colección Valparaíso Patrimonial 
999 |c 351184  |d 351182 
952 |0 0  |1 0  |4 0  |6 983_255000000000000_EST_2012  |7 0  |8 R  |9 455146  |a BIBARQ  |b BIBARQ  |d 2019-11-22  |i 4958160  |l 2  |o 983.255 EST 2012  |p 4958160  |r 2025-01-20  |s 2023-06-06  |w 2019-11-22  |y BK_R  |k ARQ 
952 |0 0  |1 0  |4 0  |6 983_255000000000000_EST_2012  |7 0  |8 R  |9 455147  |a BIBARQ  |b BIBARQ  |d 2019-11-22  |i 4958179  |o 983.255 EST 2012  |p 4958179  |r 2025-01-20  |w 2019-11-22  |y BK_R  |k ARQ 
952 |0 0  |1 0  |4 0  |6 983_255000000000000_EST_2012  |7 0  |8 A  |9 455148  |a BIBHIS  |b BIBHIS  |d 2019-11-22  |i 4960343  |l 2  |o 983.255 EST 2012  |p 4960343  |r 2025-01-20  |s 2023-09-05  |w 2019-11-22  |y BK  |k HIS 
952 |0 0  |1 0  |4 0  |6 983_255000000000000_EST_2012  |7 0  |8 A  |9 455149  |a BIBHIS  |b BIBHIS  |d 2019-11-22  |i 4960351  |o 983.255 EST 2012  |p 4960351  |r 2025-01-20  |w 2019-11-22  |y BK  |k HIS 
952 |0 0  |1 0  |4 0  |6 983_255000000000000_EST_2012  |7 0  |8 A  |9 455150  |a BIBHIS  |b BIBHIS  |d 2019-11-22  |i 496036K  |l 2  |o 983.255 EST 2012  |p 496036K  |r 2025-01-20  |s 2023-03-14  |w 2019-11-22  |y BK  |k HIS 
952 |0 0  |1 0  |4 0  |6 983_255000000000000_EST_2012  |7 0  |8 A  |9 455151  |a BIBHIS  |b BIBHIS  |d 2019-11-22  |i 4960378  |o 983.255 EST 2012  |p 4960378  |r 2023-01-25  |w 2019-11-22  |y BK  |k HIS 
952 |0 0  |1 0  |4 0  |6 983_255000000000000_EST_2012  |7 0  |8 A  |9 455152  |a BIBHIS  |b BIBHIS  |d 2019-11-22  |i 4960386  |l 2  |o 983.255 EST 2012  |p 4960386  |r 2025-04-15  |s 2025-04-01  |w 2019-11-22  |y BK  |k HIS 
952 |0 0  |1 0  |4 0  |6 983_255000000000000_EST_2012  |7 0  |8 X  |9 455153  |a FDOBUD  |b FDOBUD  |d 2019-11-22  |i 4965655  |o 983.255 EST 2012  |p 4965655  |r 2019-11-22  |w 2019-11-22  |y BK_X  |k BUD